Principles of mechanical engineering / (Record no. 9886)

MARC details
000 -LEADER
fixed length control field 00584nam a22002052 4500
001 - CONTROL NUMBER
control field 0000023608
005 - DATE AND TIME OF LATEST TRANSACTION
control field 20151217152245.0
008 - FIXED-LENGTH DATA ELEMENTS--GENERAL INFORMATION
fixed length control field 130311s xx 000 0 eng d
020 ## - INTERNATIONAL STANDARD BOOK NUMBER
International Standard Book Number 8121935261 :
040 ## - CATALOGING SOURCE
Original cataloging agency KABU
Transcribing agency KABU
100 1# - MAIN ENTRY--PERSONAL NAME
Personal name Singh, Sadhu.
-- 0000183002
245 10 - TITLE STATEMENT
Title Principles of mechanical engineering /
Statement of responsibility, etc. Sadhu Singh.
250 ## - EDITION STATEMENT
Edition statement 1st ed.
260 ## - PUBLICATION, DISTRIBUTION, ETC. (IMPRINT)
Place of publication, distribution, etc. New Delhi :
Name of publisher, distributor, etc. S. Chand.
300 ## - PHYSICAL DESCRIPTION
Extent xviii, 652 p.
650 #0 - SUBJECT ADDED ENTRY--TOPICAL TERM
Topical term or geographic name as entry element Mechanical engineering.
-- 0000049184
852 1# - LOCATION
-- p2184 KES
908 ## - PUT COMMAND PARAMETER (RLIN)
Put command parameter 130311
950 ## - LOCAL HOLDINGS (RLIN)
-- 1
Holdings
Withdrawn status Lost status Source of classification or shelving scheme Not for loan Home library Current library Date acquired Total Checkouts Full call number Barcode Date last seen Price effective from Koha item type
    Library of Congress Classification   Kabarak, Main Campus Kabarak, Main Campus 17/12/2015   TJ145 .S56 2010 c. 1 014521 17/12/2015 17/12/2015 General Collection
Designed with assistance from East African Informatics Ltd